Countries with glaciers and tropical rainforests - Sudden Death - Statistics

General Stats
  • This quiz has been taken 122 times
  • The average score is 4 of 15
Answers on the Grid
Answers color-coded by a green-red scale on the quiz's grid according to % correct below.
Argentina
Australia
Bolivia
Brazil
Chile
China
Democratic Republic of the Congo
Ecuador
France
Guatemala
India
Indonesia
Iran
Japan
Kenya
Mexico
New Zealand
Peru
Russia
Spain
South Africa
Thailand
Uganda
Venezuela
 
Answer Stats
Answer % Correct
Bolivia
55%
Peru
39%
Ecuador
37%
Australia
34%
Chile
34%
India
29%
Kenya
24%
Democratic Republic of the Congo
21%
France
18%
Indonesia
18%
Mexico
16%
New Zealand
16%
Uganda
16%
Japan
13%
Venezuela
13%
No matching quizzes found
Score Distribution
Percent of People with Each Score
Percentile by Number Answered
Your Score History
You have not taken this quiz